[Event "Vimercate op"]
[Site "Vimercate"]
[Date "2018.11.24"]
[Round "2"]
[White "Ventura, Salvatore"]
[Black "Lazic, Miroljub"]
[Result "0-1"]
[WhiteElo "2182"]
[BlackElo "2458"]
[PlyCount "60"]
[EventDate "2018.11.23"]
[EventType "swiss"]
[EventRounds "5"]
[EventCountry "ITA"]
[SourceTitle "CBM 187 Extra"]
[Source "ChessBase"]
[SourceDate "2018.11.04"]
[SourceVersion "1"]
[SourceVersionDate "2018.11.04"]
[SourceQuality "1"]

1. Nf3 d5 2. g3 g6 3. Bg2 Bg7 4. d4 Nf6 5. c4 c6 6. cxd5 cxd5 7. Nc3 0-0 8. Ne5 Nc6 9. 0-0 Ng4 10. Nxd5 Ngxe5 11. dxe5 Bxe5 12. Bh6 Re8 13. Qd2 Be6 14. Rfd1 Rc8 15. Nf4 Qxd2 16. Rxd2 Bc4 17. Rd7 Ba6 18. Nd3 Bd6 19. Bxc6 Rxc6 20. Rc1 Rxc1+ 21. Bxc1 Rc8 22. Bf4 Bxf4 23. Nxf4 e5 24. Nd3 e4 25. Nf4 g5 26. Nd5 Rc1+ 27. Kg2 Bxe2 28. Nf6+ Kg7 29. Nxe4 g4 30. Ng5 Bf1+ 0-1

[Event "Biella op-A 9th"]
[Site "Biella"]
[Date "2018.09.30"]
[Round "4.8"]
[White "Ventura, Salvatore"]
[Black "Finocchiaro, Gianluca"]
[Result "1-0"]
[WhiteElo "2189"]
[BlackElo "2016"]
[PlyCount "67"]
[EventDate "2018.09.28"]
[EventType "swiss"]
[EventRounds "5"]
[EventCountry "ITA"]
[SourceTitle "EXT 2024"]
[Source "ChessBase"]
[SourceDate "2023.10.10"]
[SourceVersion "1"]
[SourceVersionDate "2023.10.10"]
[SourceQuality "1"]

1. Nf3 d6 2. d4 Bg4 3. c4 Bxf3 4. exf3 c6 5. Nc3 Nf6 6. Qb3 Qc7 7. Be3 g6 8. Be2 Bg7 9. 0-0 Nbd7 10. Rac1 0-0 11. Rfd1 Rac8 12. Qa3 Rfd8 13. b4 a6 14. Qb3 e5 15. dxe5 dxe5 16. c5 Nf8 17. Bc4 Qe7 18. Bg5 Ne6 19. Bxe6 Qxe6 20. Qxe6 fxe6 21. Bxf6 Bxf6 22. Ne4 Be7 23. Kf1 Rd4 24. Rxd4 exd4 25. Ke2 e5 26. Kd3 Rd8 27. Re1 Kf7 28. Nd2 a5 29. bxa5 Bxc5 30. Nc4 Bb4 31. Rb1 Bc3 32. Rxb7+ Ke6 33. a6 c5 34. a7 1-0

[Event "Porto Mannu op 10th"]
[Site "Porto Mannu"]
[Date "2018.06.02"]
[Round "1"]
[White "Ventura, Salvatore"]
[Black "Christiansen, Johan Sebastian"]
[Result "0-1"]
[WhiteElo "2208"]
[BlackElo "2504"]
[PlyCount "82"]
[EventDate "2018.06.02"]
[EventType "swiss"]
[EventRounds "9"]
[EventCountry "ITA"]
[SourceTitle "CBM 184 Extra"]
[Source "ChessBase"]
[SourceDate "2018.06.28"]
[SourceVersion "1"]
[SourceVersionDate "2018.06.28"]
[SourceQuality "1"]

1. e4 e6 2. d4 d5 3. e5 c5 4. c3 Qb6 5. Nf3 Nc6 6. a3 Nh6 7. b4 cxd4 8. Bxh6 gxh6 9. cxd4 Rg8 10. h3 Bd7 11. Ra2 Be7 12. g3 f6 13. exf6 Bxf6 14. Rd2 Rc8 15. Ne5 Nxe5 16. dxe5 Bg5 17. Rc2 Rxc2 18. Qxc2 Qd4 19. Be2 Kd8 20. Qxh7 Rf8 21. 0-0 Qxe5 22. Qd3 Bf6 23. Nd2 Qc3 24. b5 Qc5 25. a4 Qb4 26. Qc2 b6 27. Kg2 Qc3 28. Rc1 Qa3 29. Rd1 Qc5 30. Qd3 Qc3 31. Qh7 Bg7 32. Qd3 Qxd3 33. Bxd3 e5 34. Bc2 Ke7 35. Nb1 Rc8 36. Bb3 d4 37. Nd2 Rc3 38. Rb1 Bf5 39. Rb2 e4 40. Bd5 e3 41. Ne4 d3 0-1

[Event "Vimercate op A"]
[Site "Vimercate"]
[Date "2017.11.25"]
[Round "3.1"]
[White "Ventura, Salvatore"]
[Black "Jovanic, Ognjen"]
[Result "0-1"]
[WhiteElo "2190"]
[BlackElo "2504"]
[PlyCount "160"]
[EventDate "2017.11.24"]
[EventType "swiss"]
[EventRounds "5"]
[EventCountry "ITA"]
[SourceTitle "EXT 2024"]
[Source "ChessBase"]
[SourceDate "2023.10.10"]
[SourceVersion "1"]
[SourceVersionDate "2023.10.10"]
[SourceQuality "1"]

1. e4 c5 2. Nc3 e6 3. g3 a6 4. Bg2 b5 5. d3 Bb7 6. Nf3 d6 7. 0-0 Nc6 8. Re1 Qc7 9. Bf4 Nge7 10. Be3 Ng6 11. Ng5 h6 12. Nh3 Be7 13. f4 Nd4 14. Ne2 e5 15. f5 Nf8 16. c3 Nxe2+ 17. Qxe2 Nd7 18. a4 Rb8 19. axb5 axb5 20. Qg4 Bf6 21. Qh5 Ke7 22. Qe2 Bc6 23. b4 Ra8 24. Qf2 Rxa1 25. Rxa1 Ra8 26. Rxa8 Bxa8 27. Qa2 Bc6 28. Bf3 Qc8 29. Bh5 c4 30. Nf2 d5 31. dxc4 dxc4 32. h4 Qb7 33. Bf3 Ke8 34. Qa7 Qxa7 35. Bxa7 Bd8 36. Kf1 Nb6 37. Bxb6 Bxb6 38. Ke2 Bc7 39. Ng4 h5 40. Ne3 g6 41. fxg6 fxg6 42. Nd5 Bd8 43. Ke3 Kf7 44. Ke2 Bd7 45. Ne3 Bf6 46. Nd5 Bd8 47. Ne3 Kg7 48. Nd5 Kh6 49. Ne3 Kh7 50. Nd5 Kg7 51. Ne3 Kh6 52. Ke1 Be6 53. Ke2 Kg7 54. Nd5 Kf8 55. Ne3 Ke8 56. Nd5 Kd7 57. Ne3 Bf7 58. Nd5 g5 59. hxg5 Bxg5 60. Ne3 h4 61. gxh4 Bxh4 62. Bg4+ Kc7 63. Nf5 Bg5 64. Ne3 Be8 65. Nd5+ Kd6 66. Ne3 Bc6 67. Bf3 Ke7 68. Nd5+ Ke6 69. Ne3 Kf7 70. Nd5 Kg6 71. Ne3 Bxe3 72. Kxe3 Kg5 73. Bd1 Bd7 74. Be2 Bg4 75. Bf1 Kh4 76. Kf2 Bh5 77. Bg2 Kg4 78. Ke3 Kg3 79. Bf1 Bg4 80. Kd2 Kf2 0-1

[Event "Biella op 8th"]
[Site "Biella"]
[Date "2017.09.23"]
[Round "3"]
[White "Ventura, Salvatore"]
[Black "Vezzosi, Paolo"]
[Result "0-1"]
[WhiteElo "2161"]
[BlackElo "2325"]
[PlyCount "92"]
[EventDate "2017.09.22"]
[EventType "swiss"]
[EventRounds "5"]
[EventCountry "ITA"]
[SourceTitle "CBM 180 Extra"]
[Source "ChessBase"]
[SourceDate "2017.10.06"]
[SourceVersion "1"]
[SourceVersionDate "2017.10.06"]
[SourceQuality "1"]

1. e4 e5 2. Nf3 Nc6 3. Bc4 Bc5 4. c3 Nf6 5. d3 d6 6. 0-0 h6 7. Nbd2 0-0 8. Re1 a5 9. a4 Be6 10. Bb3 Qd7 11. Nc4 Rae8 12. Ne3 d5 13. exd5 Nxd5 14. Nc4 f6 15. h3 Bf7 16. Bc2 Rd8 17. Nh4 g5 18. Nf3 Bg6 19. Nfd2 Ba7 20. Ne4 Kg7 21. Qf3 f5 22. Ng3 e4 23. Qe2 Nxc3 24. bxc3 exd3 25. Ne5 dxe2 26. Nxd7 Rxd7 27. Rxe2 f4 28. Ne4 f3 29. gxf3 Rxf3 30. Kg2 Rdf7 31. Be3 Bxe3 32. fxe3 Ne5 33. Rb1 b6 34. Rb5 Nc4 35. Nxg5 hxg5 36. Rxg5 Nxe3+ 37. Rxe3 Rf2+ 38. Kg3 Rxc2 39. h4 Kh6 40. Rg4 Bh5 41. Rc4 Rcf2 42. Rc6+ Kh7 43. c4 Bd1 44. Ra3 R2f3+ 45. Rxf3 Rxf3+ 46. Kg2 Rf7 0-1

[Event "Lignano Sabbiadoro op 3rd"]
[Site "Lignano Sabbiadoro"]
[Date "2017.08.04"]
[Round "7"]
[White "Ventura, Salvatore"]
[Black "Ostovic, Matija"]
[Result "1/2-1/2"]
[WhiteElo "2105"]
[BlackElo "2360"]
[PlyCount "40"]
[EventDate "2017.07.30"]
[EventType "swiss"]
[EventRounds "9"]
[EventCountry "ITA"]
[SourceTitle "CBM 179 Extra"]
[Source "ChessBase"]
[SourceDate "2017.08.23"]
[SourceVersion "1"]
[SourceVersionDate "2017.08.23"]
[SourceQuality "1"]

1. e4 c5 2. Nc3 Nc6 3. g3 g6 4. Bg2 Bg7 5. d3 d6 6. Be3 b5 7. a3 Rb8 8. Nge2 Nf6 9. h3 0-0 10. d4 Nd7 11. 0-0 b4 12. axb4 Rxb4 13. dxc5 Nxc5 14. b3 a5 15. e5 Nxe5 16. Bxc5 dxc5 17. Qxd8 Rxd8 18. Rxa5 c4 19. f4 cxb3 20. fxe5 bxc2 1/2-1/2

[Event "Lignano Sabbiadoro op 3rd"]
[Site "Lignano Sabbiadoro"]
[Date "2017.07.30"]
[Round "1"]
[White "Ventura, Salvatore"]
[Black "Vuelban, Virgilio"]
[Result "1-0"]
[WhiteElo "2105"]
[BlackElo "2282"]
[PlyCount "125"]
[EventDate "2017.07.30"]
[EventType "swiss"]
[EventRounds "9"]
[EventCountry "ITA"]
[SourceTitle "CBM 179 Extra"]
[Source "ChessBase"]
[SourceDate "2017.08.23"]
[SourceVersion "1"]
[SourceVersionDate "2017.08.23"]
[SourceQuality "1"]

1. e4 c5 2. Nc3 a6 3. g3 b5 4. Bg2 Bb7 5. d3 Nf6 6. Nf3 d6 7. 0-0 e6 8. Re1 Be7 9. e5 dxe5 10. Nxe5 Qc8 11. Bxb7 Qxb7 12. Qf3 Qxf3 13. Nxf3 Nc6 14. Bf4 h6 15. h4 0-0 16. Kg2 Rac8 17. Ne4 Rfd8 18. Rad1 Nb4 19. Rd2 Nxe4 20. Rxe4 Nxa2 21. g4 Nb4 22. g5 Nd5 23. Bg3 h5 24. g6 Bf6 25. Ng5 Bxg5 26. hxg5 Ne7 27. gxf7+ Kxf7 28. Be5 Nf5 29. Rde2 Rc6 30. Bc3 b4 31. Be5 g6 32. b3 Rd5 33. f4 Nd4 34. Bxd4 cxd4 35. Kf3 Ke7 36. Re5 Kd7 37. Rxd5+ exd5 38. Re5 Kd6 39. Re2 Rc8 40. f5 Rf8 41. f6 Rc8 42. Kf2 a5 43. Ke1 Rh8 44. Kf2 Rc8 45. Ke1 Rh8 46. Kf2 h4 47. Kf3 h3 48. Rh2 Ke6 49. Kg4 Rc8 50. Re2+ Kd6 51. Kxh3 Rh8+ 52. Kg3 Rh5 53. Kg4 Rh1 54. Rf2 Rh8 55. Re2 Rh1 56. Rf2 Rh8 57. f7 Rf8 58. Rf6+ Ke5 59. Kf3 a4 60. bxa4 b3 61. cxb3 Rh8 62. Rxg6 Rf8 63. Rg7 1-0

[Event "Bergamo op 16th"]
[Site "Bergamo"]
[Date "2017.07.14"]
[Round "1"]
[White "Salgado Lopez, Ivan"]
[Black "Ventura, Salvatore"]
[Result "1-0"]
[WhiteElo "2622"]
[BlackElo "2105"]
[PlyCount "107"]
[EventDate "2017.07.14"]
[EventType "swiss"]
[EventRounds "9"]
[EventCountry "ITA"]
[SourceTitle "EXT 2018"]
[Source "ChessBase"]
[SourceDate "2017.10.13"]
[SourceVersion "1"]
[SourceVersionDate "2017.10.13"]
[SourceQuality "1"]

1. e4 c5 2. Nc3 a6 3. g3 b5 4. Bg2 Bb7 5. Nge2 e6 6. 0-0 Be7 7. Re1 Qc7 8. d4 cxd4 9. Nxd4 d6 10. a3 Nf6 11. g4 h6 12. h3 Nbd7 13. f4 Nc5 14. Qe2 0-0 15. Bd2 Nfd7 16. Rad1 Nb6 17. Qf2 Nc4 18. Bc1 Nd7 19. Rd3 Nc5 20. Rdd1 Nd7 21. Rd3 Nc5 22. Rf3 Rac8 23. h4 Qd8 24. g5 h5 25. Rg3 g6 26. b3 e5 27. Nf5 exf4 28. Nxe7+ Qxe7 29. Qxf4 Ne5 30. Rf1 Ne6 31. Qd2 Qc7 32. Bh3 Qb6+ 33. Kh2 Rce8 34. Bb2 Nc5 35. Rf4 Ne6 36. Rf2 Nc5 37. Qd4 Na4 38. Qxb6 Nxb6 39. Rg1 Bc8 40. Rd1 Bxh3 41. Kxh3 Re6 42. Kg3 Rc8 43. Rfd2 Rd8 44. Ne2 Nec4 45. bxc4 Nxc4 46. Bf6 Nxd2 47. Bxd8 Nxe4+ 48. Kf3 Nc5 49. Nf4 Re4 50. Rxd6 Rc4 51. Bf6 Ne6 52. Nd5 Rxh4 53. Rb6 Nf8 54. Rb8 1-0

[Event "Biella op-A 7th"]
[Site "Biella"]
[Date "2016.09.25"]
[Round "4.11"]
[White "Ventura, Salvatore"]
[Black "Misyura, Ilya"]
[Result "1-0"]
[WhiteElo "2108"]
[BlackElo "1886"]
[PlyCount "63"]
[EventDate "2016.09.23"]
[EventType "swiss"]
[EventRounds "5"]
[EventCountry "ITA"]
[SourceTitle "EXT 2024"]
[Source "ChessBase"]
[SourceDate "2023.10.10"]
[SourceVersion "1"]
[SourceVersionDate "2023.10.10"]
[SourceQuality "1"]

1. d4 Nf6 2. c4 e6 3. g3 d5 4. Nf3 dxc4 5. Bg2 a6 6. 0-0 Bd7 7. Ne5 Nd5 8. Nxc4 b5 9. Ne5 Bc8 10. e4 Nf6 11. d5 exd5 12. exd5 Bd6 13. Re1 0-0 14. a4 Re8 15. f4 b4 16. Nd2 Bg4 17. Qb3 Nbd7 18. Ndc4 Nc5 19. Qc2 Bd7 20. b3 g6 21. Bb2 Bf5 22. Qd1 Bg4 23. Nxg4 Rxe1+ 24. Qxe1 Nxg4 25. Qd1 Nf6 26. Rb1 Nce4 27. Nxd6 Qxd6 28. Qd4 Qc5 29. Qxc5 Nxc5 30. Bxf6 Re8 31. Be5 f6 32. Bxc7 1-0

[Event "Crema op-A 17th"]
[Site "Crema"]
[Date "2016.09.04"]
[Round "5"]
[White "Ventura, Salvatore"]
[Black "Mrdja, Milan"]
[Result "0-1"]
[WhiteElo "2095"]
[BlackElo "2303"]
[PlyCount "68"]
[EventDate "2016.09.02"]
[EventType "swiss"]
[EventRounds "6"]
[EventCountry "ITA"]
[SourceTitle "EXT 2018"]
[Source "ChessBase"]
[SourceDate "2017.10.13"]
[SourceVersion "1"]
[SourceVersionDate "2017.10.13"]
[SourceQuality "1"]

1. c4 e6 2. g3 d5 3. Bg2 Nf6 4. Nf3 Be7 5. 0-0 0-0 6. b3 c6 7. Bb2 Nbd7 8. d3 b6 9. Nbd2 Bb7 10. Qc2 Rc8 11. Rad1 b5 12. e4 Qa5 13. e5 Ne8 14. Rfe1 Nc7 15. h4 Rfd8 16. Ng5 bxc4 17. dxc4 Nf8 18. Bc3 Qb6 19. Ndf3 h6 20. Nh3 Na6 21. h5 Nb4 22. Qb1 a5 23. Rd4 dxc4 24. bxc4 Rxd4 25. Bxd4 Qc7 26. a3 c5 27. axb4 cxd4 28. bxa5 Bxf3 29. Bxf3 Qxa5 30. Be2 Qxe5 31. Qb5 Bc5 32. Qb2 Nd7 33. Qd2 Qd6 34. Bd3 Bb4 0-1

[Event "Lignano Sabbiadoro op 2nd"]
[Site "Lignano Sabbiadoro"]
[Date "2016.08.05"]
[Round "7"]
[White "Loiacono, Antonio"]
[Black "Ventura, Salvatore"]
[Result "1/2-1/2"]
[WhiteElo "2038"]
[BlackElo "2144"]
[PlyCount "97"]
[EventDate "2016.07.31"]
[EventType "swiss"]
[EventRounds "9"]
[EventCountry "ITA"]
[SourceTitle "CBM 173 Extra"]
[Source "ChessBase"]
[SourceDate "2016.08.29"]
[SourceVersion "1"]
[SourceVersionDate "2016.08.29"]
[SourceQuality "1"]

1. e4 c5 2. Nf3 g6 3. d4 cxd4 4. Nxd4 Bg7 5. Nc3 Nc6 6. Be3 Nf6 7. Be2 0-0 8. 0-0 d5 9. exd5 Nxd5 10. Nxd5 Qxd5 11. Bf3 Qa5 12. Nxc6 bxc6 13. c3 Rb8 14. Qc1 c5 15. Rd1 Be6 16. Bd5 Bf5 17. h3 Rfd8 18. Bf4 Rbc8 19. Bc4 Qa4 20. Rxd8+ Rxd8 21. Bb3 Qb5 22. Bc2 c4 23. a4 Qd5 24. a5 Bd3 25. a6 Be5 26. Be3 Bb8 27. Bxd3 cxd3 28. c4 Qd6 29. g3 d2 30. Qd1 Qe6 31. Qe2 Qxh3 32. Bxd2 Bxg3 33. fxg3 Qxg3+ 34. Kf1 Qh3+ 35. Kf2 Qh2+ 36. Kf3 Rxd2 37. Qxh2 Rxh2 38. b4 Rb2 39. b5 Rb4 40. Ra5 Rxc4 41. b6 axb6 42. a7 bxa5 43. a8Q+ Kg7 44. Qxa5 Rc6 45. Qe5+ Rf6+ 46. Kg4 Kf8 47. Qb8+ Kg7 48. Qe5 Kf8 49. Qb8+ 1/2-1/2

[Event "Lignano Sabbiadoro op 2nd"]
[Site "Lignano Sabbiadoro"]
[Date "2016.08.04"]
[Round "6"]
[White "Ventura, Salvatore"]
[Black "Horvath, Tamas"]
[Result "0-1"]
[WhiteElo "2144"]
[BlackElo "2380"]
[PlyCount "124"]
[EventDate "2016.07.31"]
[EventType "swiss"]
[EventRounds "9"]
[EventCountry "ITA"]
[SourceTitle "CBM 173 Extra"]
[Source "ChessBase"]
[SourceDate "2016.08.29"]
[SourceVersion "1"]
[SourceVersionDate "2016.08.29"]
[SourceQuality "1"]

1. c4 e5 2. g3 Nf6 3. Bg2 Nc6 4. Nc3 Bb4 5. Nd5 Bc5 6. e3 0-0 7. Ne2 d6 8. 0-0 a6 9. a3 Re8 10. b4 Ba7 11. Bb2 Bg4 12. h3 Bd7 13. f4 Nxd5 14. cxd5 Ne7 15. fxe5 dxe5 16. Bxe5 Bb5 17. Bb2 Nxd5 18. Qb3 c6 19. Rf2 Bxe2 20. Rxe2 Re6 21. Rf1 Qd6 22. g4 Rae8 23. Rf3 R8e7 24. Kf1 Bb6 25. Rf5 Nc7 26. Rg5 Ne8 27. Rf5 Qd7 28. Qc3 Bc7 29. Qb3 Nf6 30. Bxf6 Rxf6 31. Rxf6 gxf6 32. Qc2 Bg3 33. Be4 h6 34. Bf5 Qd5 35. e4 Qe5 36. Qd3 Kg7 37. Kg2 Bh4 38. Qc3 Qb5 39. d3 Re8 40. Re3 Bg5 41. Re1 Bf4 42. h4 Qb6 43. Qc5 Qd8 44. d4 Bb8 45. Rc1 Qc7 46. Rc3 Qh2+ 47. Kf1 Bg3 48. Rc2 Qxh4 49. Ke2 Bf4 50. Kd3 Qg3+ 51. Ke2 Qg2+ 52. Ke1 Bg3+ 53. Kd1 Qf1+ 54. Kd2 Qe1+ 55. Kd3 Bf4 56. Kc4 Qb1 57. Kc3 Bc1 58. Qc4 Bxa3 59. Qb3 Qe1+ 60. Kc4 Qf1+ 61. Qd3 b5+ 62. Kc3 Bxb4+ 0-1

[Event "Lignano Sabbiadoro op 2nd"]
[Site "Lignano Sabbiadoro"]
[Date "2016.08.03"]
[Round "5"]
[White "Bonassi, Tommaso"]
[Black "Ventura, Salvatore"]
[Result "1/2-1/2"]
[WhiteElo "2015"]
[BlackElo "2144"]
[PlyCount "38"]
[EventDate "2016.07.31"]
[EventType "swiss"]
[EventRounds "9"]
[EventCountry "ITA"]
[SourceTitle "CBM 173 Extra"]
[Source "ChessBase"]
[SourceDate "2016.08.29"]
[SourceVersion "1"]
[SourceVersionDate "2016.08.29"]
[SourceQuality "1"]

1. d4 d5 2. Nf3 Nf6 3. e3 e6 4. Bd3 c5 5. b3 Nc6 6. Bb2 Bd6 7. Nbd2 0-0 8. 0-0 Qe7 9. Ne5 Nd7 10. f4 g6 11. Rf3 f5 12. Rh3 cxd4 13. exd4 Ndxe5 14. fxe5 Ba3 15. Bxa3 Qxa3 16. Nf3 Qb4 17. Be2 Bd7 18. c3 Qxc3 19. Rc1 Qb4 1/2-1/2

[Event "Bergamo op 14th"]
[Site "Bergamo"]
[Date "2015.07.17"]
[Round "1"]
[White "Ventura, Salvatore"]
[Black "Brunello, Sabino"]
[Result "0-1"]
[WhiteElo "2054"]
[BlackElo "2539"]
[PlyCount "62"]
[EventDate "2015.07.17"]
[EventType "swiss"]
[EventRounds "6"]
[EventCountry "ITA"]
[SourceTitle "CBM 167 Extra"]
[Source "ChessBase"]
[SourceDate "2015.09.14"]
[SourceVersion "1"]
[SourceVersionDate "2015.09.14"]
[SourceQuality "1"]

1. c4 e5 2. g3 Nc6 3. Nc3 Bc5 4. Bg2 d6 5. e3 a6 6. Nge2 Ba7 7. 0-0 Nge7 8. d4 0-0 9. d5 Nb8 10. b4 Bf5 11. Bb2 Nd7 12. Rc1 Bg6 13. Na4 Rc8 14. c5 b5 15. c6 bxa4 16. cxd7 Qxd7 17. Nc3 f5 18. Bh3 Rb8 19. a3 Be8 20. Qe2 Qc8 21. Rfd1 Bd7 22. f4 exf4 23. gxf4 Ng6 24. Qf3 Qe8 25. Rd3 Rf7 26. Kh1 a5 27. Na2 Nh4 28. Qe2 Qe4+ 29. Kg1 Bb5 30. Bf1 Bxd3 31. Qxd3 Bxe3+ 0-1

[Event "Ceriano Laghetto op-A 24th"]
[Site "Ceriano Laghetto"]
[Date "2015.03.08"]
[Round "4"]
[White "Petrone, Gianmario"]
[Black "Ventura, Salvatore"]
[Result "1-0"]
[WhiteElo "2057"]
[BlackElo "2089"]
[PlyCount "43"]
[EventDate "2015.03.06"]
[EventType "swiss"]
[EventRounds "5"]
[EventCountry "ITA"]
[SourceTitle "EXT 2017"]
[Source "ChessBase"]
[SourceDate "2016.10.25"]
[SourceVersion "1"]
[SourceVersionDate "2016.10.25"]
[SourceQuality "1"]

1. e4 e6 2. d4 d5 3. Bd3 c5 4. c3 Nc6 5. exd5 Qxd5 6. Nf3 Bd7 7. Be3 Nf6 8. 0-0 c4 9. Be2 b5 10. a4 bxa4 11. Rxa4 Na5 12. Ne5 Qb5 13. Nxd7 Nxd7 14. b4 Nb7 15. Na3 Qc6 16. Nxc4 Nf6 17. Ne5 Qxc3 18. Bb5+ Ke7 19. Nc6+ Kd6 20. Qf3 Qc2 21. Bf4+ Kd7 22. Nxa7+ 1-0

[Event "Ceriano Laghetto op-A 24th"]
[Site "Ceriano Laghetto"]
[Date "2015.03.06"]
[Round "1"]
[White "Ventura, Salvatore"]
[Black "Mrdja, Milan"]
[Result "0-1"]
[WhiteElo "2089"]
[BlackElo "2366"]
[PlyCount "100"]
[EventDate "2015.03.06"]
[EventType "swiss"]
[EventRounds "5"]
[EventCountry "ITA"]
[SourceTitle "EXT 2017"]
[Source "ChessBase"]
[SourceDate "2016.10.25"]
[SourceVersion "1"]
[SourceVersionDate "2016.10.25"]
[SourceQuality "1"]

1. c4 e5 2. g3 Nc6 3. Nc3 Nf6 4. Bg2 Bb4 5. Nd5 Bc5 6. e3 Nxd5 7. cxd5 Ne7 8. Ne2 c6 9. Nc3 Bb4 10. Qg4 Bxc3 11. bxc3 d6 12. Qxg7 Rg8 13. Qxh7 Bf5 14. Qh4 cxd5 15. Ba3 Qd7 16. Qb4 0-0-0 17. Qa5 Bd3 18. Qxa7 Qb5 19. Bb4 Nc6 20. Qa3 Kc7 21. Qb3 Bc4 22. a4 Qa6 23. Qa3 e4 24. Bf1 Ne5 25. 0-0-0 Bxf1 26. Rhxf1 Kd7 27. Qb3 Qc6 28. Kc2 Ra8 29. Ra1 Ke6 30. f4 Nd3 31. f5+ Kd7 32. a5 Rgc8 33. f6 Ke6 34. g4 Qb5 35. Rab1 b6 36. axb6 Qxb6 37. Rf5 Qc6 38. h4 Rab8 39. Qa3 Rg8 40. Rg5 Rh8 41. h5 Rb5 42. Qa7 Rb7 43. Qa3 Rhb8 44. Kd1 Ne5 45. Rf5 Nxg4 46. Rf4 Ne5 47. Ra1 Nd3 48. Rh4 Ne5 49. Rh3 Qb5 50. Kc2 Nc6 0-1

[Event "Robecchetto op-A 25th"]
[Site "Robecchetto"]
[Date "2014.12.29"]
[Round "5"]
[White "Ubezio, Marco"]
[Black "Ventura, Salvatore"]
[Result "0-1"]
[WhiteElo "2090"]
[BlackElo "2049"]
[PlyCount "70"]
[EventDate "2014.12.26"]
[EventType "swiss"]
[EventRounds "6"]
[EventCountry "ITA"]
[SourceTitle "EXT 2017"]
[Source "ChessBase"]
[SourceDate "2016.10.25"]
[SourceVersion "1"]
[SourceVersionDate "2016.10.25"]
[SourceQuality "1"]

1. d4 e6 2. g3 f5 3. Bg2 Nf6 4. c4 d5 5. Nh3 c6 6. Qc2 Bd6 7. 0-0 0-0 8. Bf4 Be7 9. Nd2 h6 10. f3 c5 11. dxc5 Na6 12. Nb3 Nxc5 13. cxd5 Nxb3 14. Qxb3 Qxd5 15. Be3 e5 16. Qc3 Qe6 17. Bc5 Bxc5+ 18. Qxc5 Bd7 19. Rfd1 Rfc8 20. Qa3 Qb6+ 21. Kf1 Rc2 22. Rab1 Rac8 23. Nf2 Bb5 24. Qb3+ Kh8 25. Re1 Qa6 26. Nd3 Rd2 27. Rbc1 Rxc1 28. Rxc1 Bxd3 29. Rc8+ Kh7 30. exd3 Rxd3 31. Qc4 Qd6 32. Bh3 Rd1+ 33. Kf2 Qd2+ 34. Qe2 Qd4+ 35. Kg2 Qg1# 0-1

[Event "Milan Crespi op-C 35th"]
[Site "Milan"]
[Date "2014.12.07"]
[Round "5"]
[White "Ciciotti, Augusto Walter"]
[Black "Ventura, Salvatore"]
[Result "0-1"]
[WhiteElo "1880"]
[BlackElo "2049"]
[PlyCount "50"]
[EventDate "2014.12.04"]
[EventType "swiss"]
[EventRounds "7"]
[EventCountry "ITA"]
[SourceTitle "EXT 2017"]
[Source "ChessBase"]
[SourceDate "2016.10.25"]
[SourceVersion "1"]
[SourceVersionDate "2016.10.25"]
[SourceQuality "1"]

1. d4 e6 2. Nf3 f5 3. g3 Nf6 4. Bg2 d5 5. 0-0 Bd6 6. c4 c6 7. Qc2 0-0 8. Nbd2 b6 9. Ne5 Bb7 10. Ndf3 Qe7 11. Bf4 Nbd7 12. Nd3 Bxf4 13. Nxf4 c5 14. Rfd1 Rac8 15. Qa4 dxc4 16. Qxa7 Rc7 17. Qa3 Ne4 18. dxc5 Rxc5 19. Qb4 Ba8 20. Rac1 g5 21. Nxg5 Nxg5 22. Rxd7 Qxd7 23. Qxb6 Rb5 24. Qa6 Bxg2 25. Kxg2 Qb7+ 0-1